HUMAN ANATOMY;REGIONAL AND APPEIED;LOWER LIMB, ABDOMEN AND PELVIS. VOL-2 (Record no. 1215324)

MARC details
000 -LEADER
fixed length control field 00548nam a22001937a 4500
003 - CONTROL NUMBER IDENTIFIER
control field OSt
005 - DATE AND TIME OF LATEST TRANSACTION
control field 20260203112240.0
008 - FIXED-LENGTH DATA ELEMENTS--GENERAL INFORMATION
fixed length control field 260203b |||||||| |||| 00| 0 eng d
020 ## - INTERNATIONAL STANDARD BOOK NUMBER
International Standard Book Number 9789354669798
040 ## - CATALOGING SOURCE
Transcribing agency CBS PUB
082 ## - DEWEY DECIMAL CLASSIFICATION NUMBER
Edition number 10
Classification number 611
Item number CHA
100 ## - MAIN ENTRY--PERSONAL NAME
Personal name CHAURASIA B. D., GARG K.
245 ## - TITLE STATEMENT
Title HUMAN ANATOMY;REGIONAL AND APPEIED;LOWER LIMB, ABDOMEN AND PELVIS. VOL-2
260 ## - PUBLICATION, DISTRIBUTION, ETC.
Place of publication, distribution, etc. B.M.S.G.B. PUNE
Name of publisher, distributor, etc. CBS PUB
Date of publication, distribution, etc. 2025
300 ## - PHYSICAL DESCRIPTION
Extent XXIV;PB;482
490 ## - SERIES STATEMENT
Volume/sequential designation VOL-2
500 ## - GENERAL NOTE
General note BILL NO - 6409<br/>DATE - 13/01/2026
942 ## - ADDED ENTRY ELEMENTS (KOHA)
Source of classification or shelving scheme Dewey Decimal Classification
Koha item type Textbook
Edition 10
Suppress in OPAC No
Holdings
Withdrawn status Lost status Source of classification or shelving scheme Materials specified (bound volume or other part) Damaged status Not for loan Collection Home library Current library Date acquired Source of acquisition Cost, normal purchase price Total Checkouts Full call number Barcode Date last seen Price effective from Koha item type
    Dewey Decimal Classification VOL-2     Text Medical College & Hospital, Sangli Medical College & Hospital, Sangli 03/02/2026 B.M.S.G.B, PUNE 1050.00   611/CHA MCS-17562 03/02/2026 03/02/2026 Textbook